Lessons from the REITmarket : UK property securities and then implications of the development of a tax neutral property invesment vehicle

Bibliographic Details
Main Author: Staveley, CWP
Format: Book
Published: Kuala Lumpur : Jones Lang Weotton , 1997

MARC

LEADER 00000cam a2200000 7i4500
001 0000015637
005 20050910.0
040 |a INS 
090 0 0 |a HG4661   |b S775 1997 
100 1 |a Staveley, CWP 
245 1 0 |a Lessons from the REITmarket :   |b UK property securities and then implications of the development of a tax neutral property invesment vehicle   |c CWP Staveley 
260 |a Kuala Lumpur :   |b Jones Lang Weotton ,   |c 1997 
300 |b 125p. ;   |c 30cm. 
999 |a 0000008979   |b BOOK   |c Open Shelf   |e Default branch